000 00380nam a2200169Ia 4500
001 18656
003 IN-NITTTR
005 20251114233217.0
008 251113s9999||||xx |||||||||||||| ||eng||
040 _beng
040 _cIN-NITTTR
041 _aeng
082 _a823 P11O
100 _aPaces, S. E.
245 0 _aOutstanding short stories /
_cPaces, S. E.
942 _2ddc
_cBK
999 _c21290
_d21290